[Event "DEM U10 2018"]
[Site "Willingen GER"]
[Date "2018.05.23"]
[Round "7"]
[White "Sauer, Tim"]
[Black "Grabs, Peter"]
[Result "0-1"]
[Termination "normal"]
[Board "10"]
[BlackTitle "CM"]
[WhiteElo "1378"]
[BlackElo "1480"]
[WhiteClock "00:01:22"]
[BlackClock "00:01:58"]
[PlyCount "88"]
[WhiteFideId "16265726"]
[BlackFideId "16203887"]
[EventCountry "GER"]
[EventRounds "11"]
[EventType "swiss"]
[EventDate "2018.05.19"]

1. d4 {[%clk 1:15:57]} 1... d5 {[%clk 1:15:57]} 2. Bf4 {[%clk 1:16:21]} 2... e6
{[%clk 1:16:19]} 3. e3 {[%clk 1:16:47]} 3... c6 {[%clk 1:16:44]} 4. Nf3 { [%clk
1:17:08]} 4... Bd6 {[%clk 1:17:10]} 5. Bg3 {[%clk 1:17:30]} 5... f5 { [%clk
1:17:34]} 6. Nbd2 {[%clk 1:17:12]} 6... Nf6 {[%clk 1:17:53]} 7. c4 { [%clk
1:10:13]} 7... O-O {[%clk 1:14:02]} 8. Be5 {[%clk 1:07:25]} 8... Bxe5 { [%clk
1:12:53]} 9. Nxe5 {[%clk 1:07:46]} 9... Nbd7 10. Ndf3 {[%clk 1:05:40]} 10...
Nxe5 {[%clk 1:12:55]} 11. Nxe5 {[%clk 1:06:02]} 11... Ne4 {[%clk 1:12:17] } 12.
f3 {[%clk 0:57:32]} 12... Qh4+ {[%clk 1:11:12]} 13. Ke2 {[%clk 0:52:03]} 13...
Ng3+ {[%clk 1:10:17]} 14. hxg3 {[%clk 0:49:50]} 14... Qxh1 { [%clk 1:10:21]}
15. Kf2 {[%clk 0:49:59]} 15... Qh5 {[%clk 1:09:36]} 16. Be2 { [%clk 0:48:22]}
16... Qe8 {[%clk 1:01:44]} 17. c5 {[%clk 0:46:38]} 17... b6 { [%clk 1:00:33]}
18. b4 {[%clk 0:46:04]} 18... Bd7 {[%clk 0:57:25]} 19. a4 { [%clk 0:43:59]}
19... Rb8 {[%clk 0:45:34]} 20. Qc2 {[%clk 0:42:36]} 20... Qe7 { [%clk 0:27:21]}
21. Bd3 {[%clk 0:24:40]} 21... bxc5 {[%clk 0:24:31]} 22. g4 { [%clk 0:20:49]}
22... c4 {[%clk 0:24:16]} 23. Rh1 {[%clk 0:14:41]} 23... cxd3 { [%clk 0:22:11]}
24. Qxd3 {[%clk 0:15:01]} 24... Be8 {[%clk 0:08:46]} 25. gxf5 { [%clk 0:14:56]}
25... exf5 {[%clk 0:07:08]} 26. g4 {[%clk 0:14:08]} 26... Qe6 { [%clk 0:05:34]}
27. Qc2 {[%clk 0:13:22]} 27... Rc8 {[%clk 0:04:45]} 28. Kg1 { [%clk 0:12:32]}
28... Bg6 {[%clk 0:05:03]} 29. Qg2 {[%clk 0:09:02]} 29... fxg4 {[%clk 0:04:01]}
30. Nxg4 {[%clk 0:08:47]} 30... Qf5 {[%clk 0:03:59]} 31. Rh3 { [%clk 0:04:50]}
31... Qb1+ {[%clk 0:04:02]} 32. Kh2 {[%clk 0:05:08]} 32... Qc2 {[%clk 0:04:14]}
33. Nf2 {[%clk 0:04:48]} 33... Rce8 {[%clk 0:04:10]} 34. f4 { [%clk 0:04:26]}
34... Qf5 {[%clk 0:04:02]} 35. Ng4 {[%clk 0:04:06]} 35... Qe4 { [%clk 0:04:03]}
36. Qg1 {[%clk 0:03:55]} 36... Qc2+ {[%clk 0:04:14]} 37. Nf2 { [%clk 0:04:03]}
37... Rf7 {[%clk 0:04:01]} 38. Rg3 {[%clk 0:04:08]} 38... Rfe7 {[%clk 0:04:04]}
39. Rg4 {[%clk 0:03:26]} 39... Rxe3 {[%clk 0:04:08]} 40. f5 { [%clk 0:03:44]}
40... Qxf5 {[%clk 0:03:58]} 41. Rg5 {[%clk 0:02:38]} 41... Qf4+ {[%clk
0:03:40]} 42. Rg3 {[%clk 0:01:49]} 42... Qh4+ {[%clk 0:02:34]} 43. Nh3 { [%clk
0:01:36]} 43... Re2+ {[%clk 0:01:58]} 44. Rg2 {[%clk 0:01:22]} 44... R8e3 0-1

[Event "DEM U10 2018"]
[Site "Willingen GER"]
[Date "2018.05.23"]
[Round "7"]
[White "Kocharin, Timur"]
[Black "Krüger, Arthur"]
[Result "1-0"]
[Termination "normal"]
[Board "11"]
[WhiteElo "1280"]
[BlackElo "1549"]
[WhiteClock "00:57:02"]
[BlackClock "00:20:57"]
[PlyCount "73"]
[WhiteFideId "16240936"]
[BlackFideId "16244966"]
[EventCountry "GER"]
[EventRounds "11"]
[EventType "swiss"]
[EventDate "2018.05.19"]

1. e4 {[%clk 1:15:56]} 1... e5 {[%clk 1:15:45]} 2. Nf3 {[%clk 1:16:13]} 2...
Nc6 {[%clk 1:15:39]} 3. d4 {[%clk 1:16:33]} 3... exd4 {[%clk 1:15:23]} 4. Nxd4
{[%clk 1:16:47]} 4... Bc5 {[%clk 1:15:06]} 5. Be3 {[%clk 1:16:59]} 5... Qf6 {
[%clk 1:14:36]} 6. c3 {[%clk 1:17:11]} 6... Nge7 {[%clk 1:14:19]} 7. Bb5 {
[%clk 1:17:25]} 7... a6 {[%clk 1:11:46]} 8. Ba4 {[%clk 1:16:31]} 8... b5 {
[%clk 1:06:55]} 9. Bc2 {[%clk 1:16:34]} 9... Bb7 {[%clk 1:06:11]} 10. O-O {
[%clk 1:16:44]} 10... O-O {[%clk 1:05:23]} 11. Qh5 {[%clk 1:15:37]} 11... Qe5 {
[%clk 1:01:34]} 12. Qd1 {[%clk 1:15:05]} 12... Rad8 {[%clk 0:58:44]} 13. f4 {
[%clk 1:14:41]} 13... Qd6 {[%clk 0:57:19]} 14. b4 {[%clk 1:10:27]} 14... Nxd4 {
[%clk 0:55:50]} 15. bxc5 {[%clk 1:10:45]} 15... Qxc5 {[%clk 0:53:11]} 16. Qxd4
16... Qh5 {[%clk 0:51:12]} 17. Nd2 {[%clk 1:10:25]} 17... Qg6 {[%clk 0:45:45]}
18. f5 {[%clk 1:09:52]} 18... Qc6 {[%clk 0:41:32]} 19. Qc5 {[%clk 1:09:12]}
19... Qxc5 {[%clk 0:40:16]} 20. Bxc5 {[%clk 1:08:30]} 20... d6 {[%clk 0:40:31]}
21. Be3 {[%clk 1:08:40]} 21... d5 {[%clk 0:39:38]} 22. Bc5 {[%clk 1:08:28]}
22... Rfe8 {[%clk 0:39:08]} 23. e5 23... Nc6 {[%clk 0:37:31]} 24. Nf3 { [%clk
1:02:43]} 24... Nxe5 {[%clk 0:35:55]} 25. Nxe5 {[%clk 1:01:46]} 25... Rxe5
{[%clk 0:35:50]} 26. Rae1 {[%clk 1:00:48]} 26... Rde8 {[%clk 0:34:46]} 27. Rxe5
{[%clk 1:00:58]} 27... Rxe5 {[%clk 0:34:40]} 28. Kf2 {[%clk 1:00:48]} 28... f6
{[%clk 0:32:55]} 29. Bd4 {[%clk 1:00:11]} 29... Re8 {[%clk 0:30:54]} 30. Re1
{[%clk 1:00:36]} 30... Rc8 {[%clk 0:30:08]} 31. Bc5 {[%clk 1:00:56]} 31... a5
{[%clk 0:29:05]} 32. Re7 {[%clk 1:00:28]} 32... Ba8 {[%clk 0:25:35]} 33. Bb3
{[%clk 0:59:37]} 33... c6 {[%clk 0:24:48]} 34. a4 {[%clk 0:56:56]} 34... b4
{[%clk 0:20:58]} 35. cxb4 {[%clk 0:56:43]} 35... axb4 {[%clk 0:20:57]} 36. Bxb4
{[%clk 0:56:41]} 36... Rb8 {[%clk 0:20:57]} 37. Bd6 {[%clk 0:57:02]} 1-0

[Event "DEM U10 2018"]
[Site "Willingen GER"]
[Date "2018.05.23"]
[Round "7"]
[White "Klonov, Jakov"]
[Black "Sommer, Justus"]
[Result "0-1"]
[Termination "normal"]
[Board "12"]
[WhiteElo "1264"]
[BlackElo "1459"]
[WhiteClock "00:19:21"]
[BlackClock "00:35:13"]
[PlyCount "126"]
[WhiteFideId "16211928"]
[BlackFideId "16245008"]
[EventCountry "GER"]
[EventRounds "11"]
[EventType "swiss"]
[EventDate "2018.05.19"]

1. e4 {[%clk 1:15:58]} 1... e5 {[%clk 1:15:49]} 2. Nf3 {[%clk 1:16:25]} 2...
Nc6 {[%clk 1:16:07]} 3. d4 {[%clk 1:16:49]} 3... exd4 {[%clk 1:16:26]} 4. Nxd4
{[%clk 1:17:10]} 4... Nf6 {[%clk 1:16:45]} 5. Nc3 {[%clk 1:17:29]} 5... Bb4 {
[%clk 1:16:58]} 6. Nxc6 {[%clk 1:14:40]} 6... bxc6 {[%clk 1:17:06]} 7. Qd3 {
[%clk 1:12:04]} 7... O-O {[%clk 1:16:16]} 8. Bd2 {[%clk 1:10:42]} 8... Re8 {
[%clk 1:15:53]} 9. f3 {[%clk 1:10:03]} 9... d5 {[%clk 1:15:36]} 10. O-O-O {
[%clk 1:08:48]} 10... Bb7 {[%clk 1:08:39]} 11. Bg5 {[%clk 0:55:55]} 11... Qd6 {
[%clk 0:58:46]} 12. Be2 {[%clk 0:51:17]} 12... dxe4 {[%clk 0:55:48]} 13. Qxd6 {
[%clk 0:50:11]} 13... cxd6 {[%clk 0:55:53]} 14. Bxf6 {[%clk 0:50:29]} 14...
exf3 {[%clk 0:53:17]} 15. Bxf3 {[%clk 0:49:40]} 15... gxf6 {[%clk 0:52:29]} 16.
Ne4 {[%clk 0:47:52]} 16... Re6 {[%clk 0:50:37]} 17. a3 {[%clk 0:44:47]} 17...
Bc5 {[%clk 0:49:59]} 18. Nxc5 {[%clk 0:44:53]} 18... dxc5 {[%clk 0:50:18]} 19.
Rd7 {[%clk 0:42:30]} 19... Ba6 {[%clk 0:48:15]} 20. Bh5 {[%clk 0:37:55]} 20...
Kh8 {[%clk 0:42:16]} 21. Rxf7 {[%clk 0:35:51]} 21... Bb5 {[%clk 0:41:40]} 22.
Rd7 {[%clk 0:33:47]} 22... a5 {[%clk 0:41:31]} 23. Bg4 {[%clk 0:30:43]} 23...
Re4 {[%clk 0:41:34]} 24. Bf3 {[%clk 0:27:52]} 24... Re6 {[%clk 0:41:13]} 25.
Rhd1 {[%clk 0:26:11]} 25... Be2 {[%clk 0:40:16]} 26. Bxe2 {[%clk 0:25:13]}
26... Rxe2 {[%clk 0:40:31]} 27. R7d2 {[%clk 0:25:07]} 27... Rae8 { [%clk
0:40:20]} 28. Rd8 {[%clk 0:24:09]} 28... Rxd8 {[%clk 0:40:15]} 29. Rxd8+ {[%clk
0:24:20]} 29... Kg7 {[%clk 0:40:39]} 30. Rd2 {[%clk 0:24:37]} 30... Re1+ {[%clk
0:40:33]} 31. Rd1 {[%clk 0:24:59]} 31... Re6 {[%clk 0:40:58]} 32. Kd2 { [%clk
0:24:29]} 32... Kg6 {[%clk 0:41:07]} 33. Re1 {[%clk 0:24:27]} 33... Rd6+ {[%clk
0:41:26]} 34. Ke3 {[%clk 0:24:32]} 34... Kg5 {[%clk 0:41:35]} 35. Kf3 { [%clk
0:23:49]} 35... h5 {[%clk 0:40:59]} 36. Re2 {[%clk 0:22:25]} 36... Rd1 { [%clk
0:40:43]} 37. h3 {[%clk 0:21:36]} 37... Rf1+ {[%clk 0:40:11]} 38. Rf2 { [%clk
0:21:25]} 38... Rb1 {[%clk 0:39:49]} 39. c3 {[%clk 0:21:01]} 39... f5 { [%clk
0:39:26]} 40. Re2 {[%clk 0:20:09]} 40... a4 {[%clk 0:39:05]} 41. Kg3 { [%clk
0:17:32]} 41... h4+ {[%clk 0:36:34]} 42. Kf3 {[%clk 0:15:55]} 42... Rf1+ {[%clk
0:34:27]} 43. Rf2 {[%clk 0:14:51]} 43... Rxf2+ {[%clk 0:32:25]} 44. Kxf2 {[%clk
0:14:50]} 44... Kf4 {[%clk 0:32:44]} 45. Ke2 {[%clk 0:14:33]} 45... Kg3 {[%clk
0:32:35]} 46. Kf1 {[%clk 0:14:32]} 46... c4 {[%clk 0:32:43]} 47. Kg1 { [%clk
0:14:53]} 47... f4 {[%clk 0:33:04]} 48. Kh1 {[%clk 0:14:47]} 48... Kf2 { [%clk
0:31:29]} 49. Kh2 {[%clk 0:14:55]} 49... Ke2 {[%clk 0:31:50]} 50. Kg1 { [%clk
0:15:16]} 50... Kd2 {[%clk 0:32:14]} 51. Kf2 {[%clk 0:15:32]} 51... Kc2 { [%clk
0:32:37]} 52. Kf3 {[%clk 0:15:58]} 52... Kxb2 {[%clk 0:32:52]} 53. Kg4 { [%clk
0:16:16]} 53... Kxc3 {[%clk 0:33:01]} 54. Kxh4 {[%clk 0:16:29]} 54... Kb3
{[%clk 0:33:18]} 55. Kg5 {[%clk 0:16:41]} 55... c3 {[%clk 0:33:38]} 56. h4 {
[%clk 0:17:04]} 56... c2 {[%clk 0:34:02]} 57. h5 {[%clk 0:17:29]} 57... c1=Q {
[%clk 0:34:17]} 58. h6 {[%clk 0:17:53]} 58... f3+ {[%clk 0:34:14]} 59. Kg6 {
[%clk 0:18:14]} 59... fxg2 {[%clk 0:34:30]} 60. h7 {[%clk 0:18:37]} 60... g1=Q+
{[%clk 0:34:50]} 61. Kf7 {[%clk 0:18:39]} 61... Qf4+ {[%clk 0:34:48]} 62. Ke7 {
[%clk 0:18:59]} 62... Qg7+ {[%clk 0:34:57]} 63. Ke6 {[%clk 0:19:21]} 63...
Qgf7# {[%clk 0:35:13]} 0-1

[Event "DEM U10 2018"]
[Site "Willingen GER"]
[Date "2018.05.23"]
[Round "7"]
[White "Cernov, Henrik"]
[Black "Hoppstädter, Daniel"]
[Result "0-1"]
[Termination "normal"]
[Board "13"]
[WhiteElo "1353"]
[BlackElo "1219"]
[PlyCount "138"]
[WhiteFideId "16258312"]
[BlackFideId "16243625"]
[EventCountry "GER"]
[EventRounds "11"]
[EventType "swiss"]
[EventDate "2018.05.19"]

1. e4 e6 2. d4 d5 3. exd5 exd5 4. Nf3 Bd6 5. c4 Qe7+ 6. Be3 f5 7. c5 Bf4 8. Qe2
Bxe3 9. fxe3 Nc6 10. Nc3 Nf6 11. h3 Bd7 12. Rb1 a5 13. a3 O-O 14. g3 Rfe8 15.
Kf2 Ne4+ 16. Nxe4 fxe4 17. Nh2 Rf8+ 18. Kg2 Qe6 19. Ng4 Qg6 20. Kh2 Bxg4 21.
hxg4 Rf3 22. Bh3 Qh6 23. Rbe1 Raf8 24. Rhf1 Rxf1 25. Rxf1 Rxf1 26. Qxf1 Qxe3
27. g5 Qf3 28. Be6+ Kf8 29. Qxf3+ exf3 30. Bxd5 Nxd4 31. Bxb7 Ne6 32. Bxf3 Nxc5
33. b4 axb4 34. axb4 Ne6 35. g6 hxg6 36. Kg2 Ke7 37. Be4 Kf6 38. Kf2 g5 39. Ke3
Ke5 40. Bd3 g4 41. Be2 Nd4 42. Bd3 g5 43. b5 Kd5 44. Kd2 Kc5 45. Ke3 Nxb5 46.
Be2 Nd6 47. Bxg4 Kd5 48. Bf3+ Ke5 49. g4 Nc4+ 50. Kd3 Kf4 51. Be2 Ne5+ 52. Kd2
Nxg4 53. Ke1 Ne3 54. Kf2 c5 55. Ke1 g4 56. Ba6 c4 57. Kd2 g3 58. Bb7 g2 59.
Bxg2 Nxg2 60. Kc3 Ne3 61. Kd4 Kf3 62. Kc3 Ke2 63. Kb2 Kd2 64. Ka2 c3 65. Kb3 c2
66. Kb4 c1=Q 67. Kb5 Nd5 68. Ka5 Qc5+ 69. Ka6 Qb6# 0-1

[Event "DEM U10 2018"]
[Site "Willingen GER"]
[Date "2018.05.23"]
[Round "7"]
[White "Policarpo, Raphael"]
[Black "Apel, Linus"]
[Result "1/2-1/2"]
[Termination "normal"]
[Board "14"]
[WhiteElo "1640"]
[BlackElo "1283"]
[PlyCount "70"]
[WhiteFideId "16237676"]
[BlackFideId "16265785"]
[EventCountry "GER"]
[EventRounds "11"]
[EventType "swiss"]
[EventDate "2018.05.19"]

1. e4 e5 2. Nf3 Nf6 3. Nxe5 d6 4. Nf3 Nxe4 5. d3 Nf6 6. Bg5 Be7 7. Nc3 Bf5 8.
Be2 h6 9. Be3 O-O 10. O-O d5 11. d4 c6 12. h3 Nbd7 13. Bd3 Bxd3 14. Qxd3 Re8
15. Rfe1 Nf8 16. Re2 Ng6 17. Rae1 Qd7 18. Ne5 Nxe5 19. dxe5 Nh7 20. f4 Rad8 21.
Bf2 Nf8 22. f5 Bb4 23. f6 g6 24. a3 Ba5 25. b4 Bc7 26. Qd2 Kh7 27. Qf4 Ne6 28.
Qh4 Bb6 29. Bxb6 axb6 30. Nd1 Rg8 31. Ne3 Qe8 32. Ng4 Qf8 33. Nf2 g5 34. Qg4
Rg6 35. Nd3 Qe8 1/2-1/2

[Event "DEM U10 2018"]
[Site "Willingen GER"]
[Date "2018.05.23"]
[Round "7"]
[White "Schreidl, Michael"]
[Black "Linnemann, Caspar"]
[Result "0-1"]
[Termination "normal"]
[Board "15"]
[WhiteElo "1325"]
[BlackElo "1408"]
[PlyCount "122"]
[WhiteFideId "16265750"]
[BlackFideId "16200284"]
[EventCountry "GER"]
[EventRounds "11"]
[EventType "swiss"]
[EventDate "2018.05.19"]

1. e4 c5 2. Nf3 d6 3. d4 cxd4 4. Nxd4 Nf6 5. Nc3 a6 6. Be3 e6 7. f3 Be7 8. Qd2
Qc7 9. g4 h6 10. h4 Nc6 11. g5 hxg5 12. Bxg5 b5 13. Nxc6 Qxc6 14. Bd3 Bb7 15.
Rg1 O-O-O 16. a4 b4 17. Na2 a5 18. Bb5 Qc7 19. c3 bxc3 20. Nxc3 Kb8 21. Rc1 Qc5
22. Be3 Qb4 23. Qf2 Nxe4 24. Ba7+ Ka8 25. Qb6 Bxh4+ 26. Kd1 Nf2+ 27. Kd2 Qf4+
28. Qe3 Qxe3+ 29. Bxe3 g6 30. Bb6 Rdf8 31. Bxa5 Nh3 32. Rgf1 Bg5+ 33. Ke2 Bxc1
34. Rxc1 g5 35. Bc7 Nf4+ 36. Ke3 d5 37. Bxf4 gxf4+ 38. Kxf4 f6 39. Ke3 e5 40.
Ne2 Rc8 41. Ra1 d4+ 42. Kd2 Bxf3 43. a5 Bxe2 44. Bxe2 e4 45. Rf1 Rhf8 46. Bg4
Rc5 47. Rf5 Rxf5 48. Bxf5 Re8 49. b4 Re5 50. Bd7 e3+ 51. Ke2 d3+ 52. Kxd3 e2
53. Bc6+ Kb8 54. Kd2 e1=Q+ 55. Kd3 Qxb4 56. a6 Qd6+ 57. Bd5 Qxd5+ 58. Kc2 Qf3
59. a7+ Kxa7 60. Kd2 Re2+ 61. Kd1 Qf1# 0-1

[Event "DEM U10 2018"]
[Site "Willingen GER"]
[Date "2018.05.23"]
[Round "7"]
[White "Leubner, Paul Damdin"]
[Black "Puchas, Henrik"]
[Result "0-1"]
[Termination "normal"]
[Board "16"]
[WhiteElo "1127"]
[BlackElo "1439"]
[PlyCount "128"]
[WhiteFideId "16265858"]
[BlackFideId "16257995"]
[EventCountry "GER"]
[EventRounds "11"]
[EventType "swiss"]
[EventDate "2018.05.19"]

1. e4 e5 2. Nf3 Nc6 3. d4 exd4 4. Bc4 Bc5 5. O-O d6 6. c3 Bg4 7. Qd3 Ne5 8.
Nxe5 dxe5 9. f3 Bh5 10. Kh1 dxc3 11. Qxd8+ Rxd8 12. Nxc3 c6 13. a4 Ne7 14. b3
O-O 15. Bb2 Kh8 16. Ne2 f6 17. Ng3 Bf7 18. Bxf7 Rxf7 19. Rad1 Rff8 20. h3 Kg8
21. Bc3 Kf7 22. b4 Bb6 23. Rc1 Rc8 24. b5 cxb5 25. axb5 Rc5 26. Ne2 Rxb5 27. f4
Be3 28. Ra1 Ng6 29. f5 Ne7 30. Rf3 Bb6 31. g4 a5 32. h4 Bc7 33. Rg3 b6 34. g5
Rg8 35. h5 Bd6 36. g6+ hxg6 37. hxg6+ Ke8 38. Rh3 Bb4 39. Kg2 Bxc3 40. Nxc3
Rb2+ 41. Kg3 Nc6 42. Na4 Rb3+ 43. Kg4 Rxh3 44. Kxh3 Rh8+ 45. Kg4 Ke7 46. Nxb6
Rb8 47. Nd5+ Kd6 48. Kf3 Rb3+ 49. Ke2 Nd4+ 50. Kd2 Rh3 51. Rxa5 Nb3+ 52. Kc2
Nxa5 53. Kd2 Nc4+ 54. Kc2 Ne3+ 55. Kd2 Nxd5 56. exd5 Kxd5 57. Ke2 Kd4 58. Kf2
Ke4 59. Kg2 Ra3 60. Kf2 Rb3 61. Kg2 Kf4 62. Kh2 Rg3 63. Kh1 Kf3 64. Kh2 Kf2 0-1

[Event "DEM U10 2018"]
[Site "Willingen GER"]
[Date "2018.05.23"]
[Round "7"]
[White "Cilo, Selimhan"]
[Black "Weyerer, Noah"]
[Result "1/2-1/2"]
[Termination "normal"]
[Board "17"]
[WhiteElo "1400"]
[BlackElo "1263"]
[PlyCount "44"]
[WhiteFideId "16246756"]
[BlackFideId "16250664"]
[EventCountry "GER"]
[EventRounds "11"]
[EventType "swiss"]
[EventDate "2018.05.19"]

1. e4 d6 2. d4 Nf6 3. Nc3 e5 4. f4 exd4 5. Qxd4 Nc6 6. Qd3 Be7 7. Be3 O-O 8.
O-O-O Be6 9. Kb1 Na5 10. h3 c5 11. g4 a6 12. g5 Ne8 13. f5 Bc4 14. Qd2 Bxf1 15.
Rxf1 Nc4 16. Qd3 Nxe3 17. Qxe3 Bxg5 18. Qg3 Bf6 19. Nd5 Be5 20. Qg2 Nf6 21. Ne3
b5 22. Nf3 Nd7 1/2-1/2

[Event "DEM U10 2018"]
[Site "Willingen GER"]
[Date "2018.05.23"]
[Round "7"]
[White "Pauscher, Moritz"]
[Black "Held, Momme Fredrik"]
[Result "0-1"]
[Termination "normal"]
[Board "18"]
[WhiteElo "1351"]
[BlackElo "1674"]
[PlyCount "114"]
[WhiteFideId "16265742"]
[BlackFideId "16237692"]
[EventCountry "GER"]
[EventRounds "11"]
[EventType "swiss"]
[EventDate "2018.05.19"]

1. e4 e5 2. Nf3 Nc6 3. Bc4 Nf6 4. d4 exd4 5. e5 d5 6. Bb5 Ne4 7. Nxd4 Bd7 8.
Bxc6 bxc6 9. O-O Bc5 10. Be3 O-O 11. f3 Ng5 12. f4 Ne4 13. Nd2 Qb8 14. Nxe4
dxe4 15. b3 Rd8 16. Qc1 Qb6 17. c3 Qa6 18. Rd1 Bg4 19. Rd2 Bxd4 20. cxd4 Be2
21. Qe1 Bd3 22. Qg3 Re8 23. f5 Qc8 24. f6 g6 25. Qh4 Re6 26. Qh6 Qf8 27. Qh4 c5
28. Qh3 Rd8 29. Qg3 cxd4 30. Bf4 Rc6 31. Qe1 Qc5 32. Qg3 Qc3 33. Rad1 e3 34.
Rxd3 Qxd3 35. Qf3 Qb5 36. Bxe3 Rc3 37. Rxd4 Qe8 38. Rxd8 Qxd8 39. Qe4 Qd1+ 40.
Kf2 Qc2+ 41. Kf3 Qxe4+ 42. Kxe4 Rc2 43. Bxa7 Rxa2 44. Bc5 Rxg2 45. Kd5 Rxh2 46.
Kc6 Rh5 47. Bd4 Rh4 48. Kc5 h5 49. b4 Re4 50. b5 h4 51. Kc6 Rxd4 52. Kxc7 h3
53. b6 Rb4 54. b7 Rxb7+ 55. Kxb7 h2 56. Kc7 h1=Q 57. Kd7 Qd5+ 0-1

[Event "DEM U10 2018"]
[Site "Willingen GER"]
[Date "2018.05.23"]
[Round "7"]
[White "Kamleiter, Noah"]
[Black "Klaska, Philipp Leon"]
[Result "0-1"]
[Termination "normal"]
[Board "19"]
[WhiteElo "1213"]
[BlackElo "1272"]
[PlyCount "49"]
[WhiteFideId "16265815"]
[BlackFideId "16238044"]
[EventCountry "GER"]
[EventRounds "11"]
[EventType "swiss"]
[EventDate "2018.05.19"]

1. e4 c5 2. Nf3 e6 3. c3 Nf6 4. e5 Nd5 5. d4 cxd4 6. cxd4 d6 7. Nc3 dxe5 8.
dxe5 Nxc3 9. Qxd8+ Kxd8 10. bxc3 Nc6 11. Bg5+ Kc7 12. Nd4 Nxd4 13. cxd4 Bb4+
14. Kd1 h6 15. Be3 Rd8 16. Rb1 Ba5 17. Rc1+ Kb8 18. Bb5 a6 19. Be2 Bd7 20. Bd3
20... Bb4 {Abwartezug, da Rest noch nicht eingegeben werden kann.} 21. Bd2 Ba4+
22. Bc2 Rxd4 23. Bxa4 Rxd2+ 24. Ke1 Rxa2+ 25. Kd1 0-1

[Event "DEM U10 2018"]
[Site "Willingen GER"]
[Date "2018.05.23"]
[Round "7"]
[White "Burkart, Lloyd Shang"]
[Black "Müller, Milo"]
[Result "0-1"]
[Termination "normal"]
[Board "20"]
[WhiteElo "1254"]
[BlackElo "1443"]
[PlyCount "78"]
[WhiteFideId "16239059"]
[BlackFideId "16265700"]
[EventCountry "GER"]
[EventRounds "11"]
[EventType "swiss"]
[EventDate "2018.05.19"]

1. d4 d5 2. c4 e6 3. Nc3 Nf6 4. cxd5 exd5 5. Bg5 Nbd7 6. e3 Be7 7. Bd3 c6 8.
Nf3 Nh5 9. Bxe7 Qxe7 10. O-O g6 11. Rb1 Nb6 12. Qc2 f5 13. b4 Nc4 14. Bxc4 dxc4
15. b5 cxb5 16. Nxb5 a6 17. Nc3 b5 18. a4 Bb7 19. Qe2 b4 20. Nd1 Be4 21. Rc1
Bd3 22. Qe1 Bxf1 23. Qxf1 c3 24. Qc4 Qd7 25. Qxb4 a5 26. Qxc3 O-O 27. Qc4+ Kh8
28. Ne5 Qb7 29. Qe2 f4 30. e4 Rad8 31. Qd3 Rfe8 32. Rb1 Qc7 33. Nc3 Qxe5 34.
Rd1 Qc7 35. Nd5 Qc6 36. Qf3 Qxa4 37. Qd3 Rxe4 38. Nc3 Qxd4 39. Qxe4 Qxd1+ 0-1

[Event "DEM U10 2018"]
[Site "Willingen GER"]
[Date "2018.05.23"]
[Round "7"]
[White "Ivanov, Alexander"]
[Black "Bongardt, Livius"]
[Result "0-1"]
[Termination "normal"]
[Board "21"]
[WhiteElo "1155"]
[BlackElo "1398"]
[PlyCount "90"]
[WhiteFideId "34604472"]
[BlackFideId "16265718"]
[EventCountry "GER"]
[EventRounds "11"]
[EventType "swiss"]
[EventDate "2018.05.19"]

1. d4 Nf6 2. c4 e6 3. Nc3 d5 4. Bg5 Bb4 5. Qc2 Nbd7 6. Nf3 c6 7. cxd5 exd5 8.
Ne5 Qc7 9. Nxd7 Nxd7 10. e3 O-O 11. a3 Bd6 12. Bd3 h6 13. Bh4 Nb6 14. Bg3 Re8
15. Bxd6 Qxd6 16. O-O Rf8 17. e4 dxe4 18. Bxe4 Qxd4 19. Rad1 Qf6 20. Rd3 Be6
21. Rg3 Bd7 22. Rd1 Rad8 23. Rdd3 Kh8 24. Rdf3 Qe7 25. Ne2 f5 26. Nf4 Qxe4 27.
Ng6+ Kg8 28. Qxe4 fxe4 29. Rxf8+ Rxf8 30. Nxf8 Kxf8 31. f4 exf3 32. Rxf3+ Kg8
33. Kf2 Nd5 34. Rb3 b6 35. Rd3 Kf7 36. Kf3 Kf6 37. Kg3 Bf5 38. Rf3 g5 39. Kf2
Ke5 40. h3 h5 41. Rg3 g4 42. Ke2 c5 43. Kd2 c4 44. a4 c3+ 45. bxc3 h4 0-1

[Event "DEM U10 2018"]
[Site "Willingen GER"]
[Date "2018.05.23"]
[Round "7"]
[White "Fröhlich, Niklas"]
[Black "Udelnov, Valentin"]
[Result "0-1"]
[Termination "normal"]
[Board "22"]
[WhiteElo "1147"]
[BlackElo "1377"]
[PlyCount "24"]
[WhiteFideId "16245016"]
[BlackFideId "16265734"]
[EventCountry "GER"]
[EventRounds "11"]
[EventType "swiss"]
[EventDate "2018.05.19"]

1. e4 c5 2. d4 cxd4 3. c3 d3 4. Bxd3 Nc6 5. Nf3 g6 6. Bf4 Bg7 7. Bc4 Nf6 8. e5
Nh5 9. Qd2 Nxf4 10. Qxf4 O-O 11. Ng5 Nxe5 12. Bb3 Nd3+ 0-1

[Event "DEM U10 2018"]
[Site "Willingen GER"]
[Date "2018.05.23"]
[Round "7"]
[White "Itin, Timofey"]
[Black "Müller, Mitja"]
[Result "1-0"]
[Termination "normal"]
[Board "23"]
[WhiteElo "1298"]
[BlackElo "1215"]
[PlyCount "107"]
[WhiteFideId "16265777"]
[BlackFideId "16265807"]
[EventCountry "GER"]
[EventRounds "11"]
[EventType "swiss"]
[EventDate "2018.05.19"]

1. e4 c5 2. c3 d6 3. Nf3 Nc6 4. d4 cxd4 5. cxd4 a6 6. Nc3 g6 7. Be3 Bg7 8. g3
e6 9. Bg2 Nge7 10. Ng1 O-O 11. Nge2 b5 12. a3 Bb7 13. O-O Qc7 14. Qc2 Na5 15.
b3 Rac8 16. Qd3 Nxb3 17. Nxb5 axb5 18. Qxb3 Ba6 19. Rfe1 Qc2 20. Qxc2 Rxc2 21.
Bf3 Rb2 22. Bc1 Rb3 23. Bg2 Rd3 24. Bb2 Nc6 25. Red1 Rxd1+ 26. Rxd1 b4 27. Rd2
Bxe2 28. Rxe2 Bxd4 29. axb4 e5 30. Bxd4 Nxd4 31. Rb2 Rb8 32. Bf1 Kf8 33. f4
Nf3+ 34. Kg2 Ne1+ 35. Kf2 Ra8 36. Kxe1 Ra1+ 37. Kf2 Ke8 38. b5 Kd7 39. fxe5
dxe5 40. Bc4 f5 41. b6 Kc8 42. b7+ Kb8 43. Bd5 Rh1 44. Kg2 Ra1 45. Rc2 Ka7 46.
Rc8 Ra2+ 47. Bxa2 Kxb7 48. Rh8 h5 49. Bf7 fxe4 50. Bxg6 h4 51. Bxe4+ Kc7 52. g4
Kd6 53. g5 Ke6 54. Rf8 1-0

[Event "DEM U10 2018"]
[Site "Willingen GER"]
[Date "2018.05.23"]
[Round "7"]
[White "Rumpold, Jaron"]
[Black "Bräutigam, Alexander"]
[Result "1/2-1/2"]
[Termination "normal"]
[Board "25"]
[WhiteElo "1259"]
[BlackElo "1323"]
[PlyCount "42"]
[WhiteFideId "16265793"]
[BlackFideId "16245210"]
[EventCountry "GER"]
[EventRounds "11"]
[EventType "swiss"]
[EventDate "2018.05.19"]

1. d4 Nf6 2. c4 e6 3. Nc3 d5 4. Nf3 Nc6 5. e3 Bb4 6. Bd2 Bxc3 7. Bxc3 O-O 8.
Bd3 Bd7 9. O-O a6 10. Re1 Ne4 11. Bxe4 dxe4 12. Nd2 f5 13. f4 b6 14. b4 Ne7 15.
Nb3 c6 16. a3 Rf7 17. Qc2 Qc7 18. Rad1 Rb8 19. Re2 Rb7 20. Red2 Rf8 21. h3 h6
1/2-1/2